000 00312nam a22001337a 4500
008 170623b xxu||||| |||| 00| 0 eng d
020 _a9780393924480
041 _aeng
080 _23RD
_a327
100 _a21
101 _aSHP
245 _aESSENTIALS OF INTERNATIONAL RELATIONS
_cMINGST,K.A
942 _2udc
_cBK
999 _c19083
_d19083